[Event "Mikhail Botvinnik"]
[Site "SchemingMind.com"]
[Date "2007.12.04"]
[Round "-"]
[White "riverriver"]
[Black "Chess_Man01"]
[Result "0-1"]
[WhiteCountry "USA"]
[BlackCountry "GBR"]
[WhiteElo "1848"]
[WhiteRD "70"]
[BlackElo "2283"]
[BlackRD "55"]
[GameID "131812"]

1. d4 Nf6 2. c4 e6 3. Nc3 Bb4 4. Nf3 c5 5. e3 O-O 6. Be2 Nc6 7. O-O cxd4 8. exd4 d5 9. Bf4 dxc4 10. Bxc4 Nd5
11. Bxd5 exd5 12. Qb3 Be6 13. a3 Bxc3 14. bxc3 b6 15. Rae1 Rc8 16. Re3 Qf6 17. Bd6 Na5 18. Be7 Qxe7 19. Qb4 Qxb4 20. axb4 Nc4
21. Ree1 Nd6 22. Re3 Rc7 23. h3 Rfc8 24. Rc1 Nb5 25. Ng5 Rxc3 26. Rexc3 Rxc3 27. Re1 Nxd4 28. Ra1 Rc7 29. Re1 a5 30. bxa5 bxa5
31. Ra1 Ra7 32. Ra4 Nc6 33. g4 h6 34. Nf3 Bd7 35. Nd2 Nb4 36. Ra3 d4 37. Kh2 a4 38. Nf3 Nc2 39. Rd3 Bb5 40. Rd1 d3
41. Ne5 a3 42. Nxd3 Bxd3 43. Rxd3 a2 44. Rd8+ Kh7
0-1

[Event "Mikhail Botvinnik"]
[Site "SchemingMind.com"]
[Date "2007.12.04"]
[Round "-"]
[White "Chess_Man01"]
[Black "riverriver"]
[Result "1-0"]
[WhiteCountry "GBR"]
[BlackCountry "USA"]
[WhiteElo "2289"]
[WhiteRD "59"]
[BlackElo "1931"]
[BlackRD "65"]
[GameID "131813"]

1. e4 e5 2. Nf3 Nc6 3. Bc4 Nf6 4. Ng5 Bc5 5. Nxf7 Bxf2+ 6. Kf1 Qe7 7. Nxh8 d5 8. exd5 Nd4 9. c3 Bg4 10. Qa4+ Nd7
11. Kxf2 O-O-O 12. Kg1 Nf3+ 13. gxf3 Bxf3 14. h4 Bxh1 15. Bb5 Bxd5 16. Bxd7+ Rxd7 17. Qg4 Qe8 18. d3 Qxh8 19. Be3 h5 20. Qe2 Qh7
21. Nd2 Qf5 22. Rf1 Qg6+ 23. Bg5 Bxa2 24. Rf8+ Rd8 25. Rxd8#
1-0

[Event "Mikhail Botvinnik"]
[Site "SchemingMind.com"]
[Date "2007.12.04"]
[Round "-"]
[White "Cruyce"]
[Black "riverriver"]
[Result "1-0"]
[WhiteCountry "BEL"]
[BlackCountry "USA"]
[WhiteElo "2219"]
[WhiteRD "73"]
[BlackElo "1931"]
[BlackRD "65"]
[GameID "131920"]

1. d4 d5 2. c4 c6 3. Nf3 Nf6 4. Nc3 e6 5. Bg5 Nbd7 6. e3 Qa5 7. cxd5 Nxd5 8. Qd2 N7b6 9. Bd3 Bb4 10. Rc1 h6
11. Bh4 g5 12. Bg3 Na4 13. a3 Bxc3 14. bxc3 Naxc3 15. e4 Qxa3 16. exd5 Nxd5 17. O-O f5 18. Be5 O-O 19. Rc5 a5 20. Nxg5 hxg5
21. Qxg5+ Kf7 22. Be2 Rh8 23. Qg7+ Ke8 24. Qxh8+ Kd7 25. Bh5
1-0

[Event "Mikhail Botvinnik"]
[Site "SchemingMind.com"]
[Date "2007.12.04"]
[Round "-"]
[White "Cruyce"]
[Black "Chess_Man01"]
[Result "1/2-1/2"]
[WhiteCountry "BEL"]
[BlackCountry "GBR"]
[WhiteElo "2211"]
[WhiteRD "74"]
[BlackElo "2288"]
[BlackRD "58"]
[GameID "131921"]

1. d4 Nf6 2. c4 e6 3. Nc3 Bb4 4. Qc2 c5 5. dxc5 Nc6 6. a3 Bxc5 7. Nf3 O-O 8. Bf4 d5 9. cxd5 exd5 10. e3 d4
11. O-O-O Bg4 12. h3 Bxf3 13. gxf3 Rc8 14. Kb1 Bd6 15. Bxd6 Qxd6 16. Bd3 g6 17. Ne4 Qe7=
1/2-1/2

[Event "Mikhail Botvinnik"]
[Site "SchemingMind.com"]
[Date "2007.12.06"]
[Round "-"]
[White "riverriver"]
[Black "Cruyce"]
[Result "0-1"]
[WhiteCountry "USA"]
[BlackCountry "BEL"]
[WhiteElo "1931"]
[WhiteRD "65"]
[BlackElo "2219"]
[BlackRD "73"]
[GameID "131922"]

1. d4 f5 2. g3 e6 3. Bg2 Nf6 4. c4 Bb4+ 5. Nd2 a5 6. a3 Bxd2+ 7. Bxd2 O-O 8. b3 d6 9. Nf3 Nc6 10. O-O e5
11. dxe5 dxe5 12. Ng5 h6 13. Bxc6 bxc6 14. Nf3 Ne4 15. Ra2 Re8 16. Qc1 f4 17. Rd1 Qe7 18. e3 Bg4 19. Kg2 fxg3 20. hxg3 Qf6
21. Rf1 Qxf3+ 22. Kg1 Bh3
0-1

[Event "Mikhail Botvinnik"]
[Site "SchemingMind.com"]
[Date "2007.12.04"]
[Round "-"]
[White "Chess_Man01"]
[Black "Cruyce"]
[Result "1-0"]
[WhiteCountry "GBR"]
[BlackCountry "BEL"]
[WhiteElo "2303"]
[WhiteRD "65"]
[BlackElo "2000"]
[BlackRD "71"]
[GameID "131923"]

1. e4 c5 2. Nf3 e6 3. d4 cxd4 4. Nxd4 Nc6 5. Nc3 Qc7 6. Ndb5 Qb8 7. Be2 a6 8. Nd4 Qc7 9. O-O Nf6 10. Be3 Bb4
11. Nxc6 bxc6 12. Qd3 a5 13. Bd4 Ba6 14. Qe3 e5 15. Qg3 Bxc3 16. Bxc3 Bxe2 17. Bxe5 d6 18. Bxd6 Qd7 19. Rfe1 O-O-O 20. Be5 Ba6
21. Qc3 Kb7 22. Qxa5 Qe7 23. a4 Rhe8 24. Re3 Bc4 25. Bg3 Rd4 26. f3 Red8 27. Bf2 Rd1+ 28. Re1 Rxe1+ 29. Rxe1
1-0

[Event "Mikhail Botvinnik"]
[Site "SchemingMind.com"]
[Date "2007.12.04"]
[Round "-"]
[White "Konan_Kaddosh"]
[Black "riverriver"]
[Result "1-0"]
[WhiteCountry "ITA"]
[BlackCountry "USA"]
[WhiteElo "2480"]
[WhiteRD "58"]
[BlackElo "1990"]
[BlackRD "66"]
[GameID "131928"]

1. e4 e5 2. Nf3 Nc6 3. Bb5 a6 4. Ba4 Nf6 5. O-O Be7 6. Re1 b5 7. Bb3 Na5 8. Nxe5 Nxb3 9. axb3 Bb7 10. Nc3 d6
11. Nd3 c5 12. Nf4 O-O 13. d4 Rc8 14. e5 dxe5 15. dxe5 Ne8 16. Qh5 g6 17. Qh3 Nc7 18. Be3 Qe8 19. Rad1 Bc6 20. Nd3 Bd7
21. Qg3 c4 22. bxc4 bxc4 23. Nf4 Bf5 24. Nfd5 Kh8 25. e6 Bxe6 26. Bd4+ Kg8 27. Nxc7 Qd8 28. Nxe6 fxe6 29. Qe5 Bf6 30. Qxe6+ Kh8
31. Be5
1-0

[Event "Mikhail Botvinnik"]
[Site "SchemingMind.com"]
[Date "2007.12.06"]
[Round "-"]
[White "Konan_Kaddosh"]
[Black "Cruyce"]
[Result "1-0"]
[WhiteCountry "ITA"]
[BlackCountry "BEL"]
[WhiteElo "2492"]
[WhiteRD "59"]
[BlackElo "2219"]
[BlackRD "73"]
[GameID "131929"]

1. e4 c5 2. Nf3 e6 3. d4 cxd4 4. Nxd4 Nc6 5. Nc3 Qc7 6. Be2 a6 7. O-O Nf6 8. Be3 Bb4 9. Nxc6 bxc6 10. Na4 Rb8
11. c4 Be7 12. Qc2 O-O 13. c5 Rb4 14. Bf3 a5 15. a3 Rb8 16. Rfd1 Ba6 17. g3 Rfd8 18. Qc3 e5 19. Nb6 a4 20. Nxa4 h5
21. Rd2 Ng4 22. Bxg4 hxg4 23. Nb6 d6 24. cxd6 Bxd6 25. Rad1 Bb5 26. a4 Ba6 27. Qa5
1-0

[Event "Mikhail Botvinnik"]
[Site "SchemingMind.com"]
[Date "2007.12.04"]
[Round "-"]
[White "Konan_Kaddosh"]
[Black "Chess_Man01"]
[Result "1-0"]
[WhiteCountry "ITA"]
[BlackCountry "GBR"]
[WhiteElo "2492"]
[WhiteRD "59"]
[BlackElo "2289"]
[BlackRD "59"]
[GameID "131930"]

1. e4 e6 2. d4 d5 3. Nc3 Bb4 4. e5 c5 5. a3 cxd4 6. axb4 dxc3 7. Nf3 Qc7 8. Qd4 cxb2 9. Bxb2 Ne7 10. Bd3 Ng6
11. O-O O-O 12. h4 Nc6 13. Qc3 Qd8= 14. b5 Nce7 15. Ra4 h5 16. Ba3 Bd7 17. Qd2 f6 18. exf6 Rxf6 19. Qg5 Nf5 20. Bb2
1-0

[Event "Mikhail Botvinnik"]
[Site "SchemingMind.com"]
[Date "2007.12.05"]
[Round "-"]
[White "riverriver"]
[Black "Konan_Kaddosh"]
[Result "0-1"]
[WhiteCountry "USA"]
[BlackCountry "ITA"]
[WhiteElo "1990"]
[WhiteRD "66"]
[BlackElo "2480"]
[BlackRD "58"]
[GameID "131931"]

1. d4 Nf6 2. c4 e6 3. Nc3 d5 4. Bg5 Be7 5. Nf3 h6 6. Bxf6 Bxf6 7. e3 O-O 8. Rc1 c6 9. Bd3 Nd7 10. O-O dxc4
11. Bxc4 e5 12. Ne4 exd4 13. Nxf6+ Nxf6 14. Qxd4 Bg4 15. Qf4 Re8 16. Ne5 Be6 17. Rfd1 Qe7 18. Rd4 Rad8 19. a4 g5 20. Qg3 Rxd4
21. exd4 Qb4 22. Qc3 Qxa4 23. b3 Qa3 24. Ra1 Ne4 25. Bxe6 Rxe6 26. Qe1 Qb2 27. f3 Qxd4+ 28. Kf1 Nd2+
0-1

[Event "Mikhail Botvinnik"]
[Site "SchemingMind.com"]
[Date "2007.12.06"]
[Round "-"]
[White "Cruyce"]
[Black "Konan_Kaddosh"]
[Result "0-1"]
[WhiteCountry "BEL"]
[BlackCountry "ITA"]
[WhiteElo "2172"]
[WhiteRD "75"]
[BlackElo "2525"]
[BlackRD "62"]
[GameID "131932"]

1. d4 Nf6 2. c4 e6 3. Nc3 d5 4. cxd5 exd5 5. Bg5 Be7 6. e3 c6 7. Bd3 Nbd7 8. Nge2 O-O 9. Qc2 Re8 10. O-O Nf8
11. f3 Be6 12. Rae1 h6 13. Bh4 Bc8 14. Bg3 Ne6 15. a3 b6 16. Qd2 Bb7 17. Kh1= c5 18. Bb5 Rf8 19. Be5 a6 20. Ba4 Nd7
21. Bg3 Nf6 22. Be5 b5 23. Bc2 Nd7 24. Bg3 Nb6 25. dxc5 Bxc5 26. Qd3 g6 27. Nf4 Nxf4 28. Bxf4 Nc4 29. b4 Bb6 30. Bxh6 Re8
31. Re2 Rc8 32. Bf4 Nxa3 33. Bb3 Nc4 34. Rfe1 Qe7 35. Nxd5 Bxd5 36. Qxd5 Qxb4 37. Ba2 Rcd8 38. Qg5 Rd2 39. Qf6 Rxe2
0-1

[Event "Mikhail Botvinnik"]
[Site "SchemingMind.com"]
[Date "2007.12.04"]
[Round "-"]
[White "Chess_Man01"]
[Black "Konan_Kaddosh"]
[Result "0-1"]
[WhiteCountry "GBR"]
[BlackCountry "ITA"]
[WhiteElo "2263"]
[WhiteRD "56"]
[BlackElo "2496"]
[BlackRD "65"]
[GameID "131933"]

1. e4 c5 2. Nf3 Nc6 3. d4 cxd4 4. Nxd4 e5 5. Nb5 d6 6. N1c3 a6 7. Na3 b5 8. Nd5 Nf6 9. Be3 Rb8 10. Qf3 Be7
11. Bd3 O-O 12. O-O Nxd5 13. exd5 Na5 14. c3 f5 15. Bc2 Qc7 16. Rfd1 Nc4 17. Nxc4 bxc4 18. Bc1 Rb5 19. b3 cxb3 20. Bxb3 Bd7
21. Ba4= Rc5 22. Bxd7 Qxd7 23. Ba3 Ra5 24. Bc1 Rc8 25. a3 e4 26. Qe2 Rxc3 27. Qe1 Rcc5 28. Bd2 Rab5 29. a4 Rb3 30. Be3 Bf6
0-1

[Event "Mikhail Botvinnik"]
[Site "SchemingMind.com"]
[Date "2007.12.04"]
[Round "-"]
[White "Goran"]
[Black "riverriver"]
[Result "1-0"]
[WhiteCountry "ITA"]
[BlackCountry "USA"]
[WhiteElo "2425"]
[WhiteRD "71"]
[BlackElo "1990"]
[BlackRD "66"]
[GameID "131950"]

1. e4 e5 2. Nc3 Nf6 3. f4 d5 4. fxe5 Nxe4 5. Nf3 Be7 6. Qe2 Nxc3 7. dxc3 O-O 8. Bf4 c5 9. O-O-O Nc6 10. Kb1 Bf5
11. Qf2 Qa5 12. Bd3 Be6 13. Qg3 Kh8 14. Ng5 Bxg5 15. Bxg5 d4 16. Qh4 Qxa2+ 17. Kc1 g6 18. Bf6+ Kg8 19. Qh6
1-0

[Event "Mikhail Botvinnik"]
[Site "SchemingMind.com"]
[Date "2007.12.06"]
[Round "-"]
[White "Goran"]
[Black "Cruyce"]
[Result "1-0"]
[WhiteCountry "ITA"]
[BlackCountry "BEL"]
[WhiteElo "2472"]
[WhiteRD "71"]
[BlackElo "2211"]
[BlackRD "74"]
[GameID "131951"]

1. d4 f5 2. c4 e6 3. Nc3 Nf6 4. g3 Be7 5. Bg2 O-O 6. Nf3 d6 7. O-O a5 8. Re1 Ne4 9. h4 Bf6 10. Qc2 Nxc3
11. Qxc3 Nc6 12. Bf4 h6 13. Rad1 Bd7 14. e4 g5 15. hxg5 hxg5 16. e5 gxf4 17. exf6 Rxf6 18. gxf4 Rg6 19. d5 exd5 20. Ng5 Rxg5
21. fxg5 Qxg5 22. f4
1-0

[Event "Mikhail Botvinnik"]
[Site "SchemingMind.com"]
[Date "2007.12.04"]
[Round "-"]
[White "Goran"]
[Black "Konan_Kaddosh"]
[Result "1/2-1/2"]
[WhiteCountry "ITA"]
[BlackCountry "ITA"]
[WhiteElo "2508"]
[WhiteRD "73"]
[BlackElo "2525"]
[BlackRD "62"]
[GameID "131952"]

1. c4 e5 2. Nc3 Nf6 3. Nf3 Nc6 4. g3 Bb4 5. Nd5 Bc5 6. d3 Nxd5 7. cxd5 Nd4 8. Nd2 O-O 9. Bg2 d6 10. e3 Nf5
11. Ne4 Ne7 12. Qb3 Bb6 13. Bd2 f5 14. Ng5 h6 15. Ne6 Bxe6 16. dxe6 a5 17. O-O d5 18. Rad1 a4 19. Qa3 Rf6 20. e4 Rxe6
21. Bb4 Bd4 22. Rc1 c6 23. Rc2 g6 24. b3 axb3 25. Qxb3 Rb8 26. Rb1 Kg7 27. a4 b6 28. Ba3 Rc8 29. exd5 cxd5 30. Rxc8 Qxc8
31. Bxd5 Nxd5 32. Qxd5 Qc6 33. Qxc6= Rxc6 34. Bb2=
1/2-1/2

[Event "Mikhail Botvinnik"]
[Site "SchemingMind.com"]
[Date "2007.12.04"]
[Round "-"]
[White "Goran"]
[Black "Chess_Man01"]
[Result "1-0"]
[WhiteCountry "ITA"]
[BlackCountry "GBR"]
[WhiteElo "2503"]
[WhiteRD "69"]
[BlackElo "2263"]
[BlackRD "56"]
[GameID "131953"]

1. e4 e6 2. d4 d5 3. Nc3 Bb4 4. e5 c5 5. a3 cxd4 6. axb4 dxc3 7. bxc3 Qc7 8. Nf3 Ne7 9. Bd3 Nd7 10. O-O Nxe5
11. Nxe5 Qxe5 12. Be3 Qxc3 13. Bd4 Qxb4 14. Bxg7 Rg8 15. Bd4 Ng6 16. Rb1 Qd6 17. g3 Ne5 18. Bxh7 Rh8= 19. Re1 Rxh7= 20. Bxe5 Qf8
21. Qd4 f5= 22. c4 Qh6 23. h4 dxc4 24. Qxc4 Qg6 25. Bc3 Re7 26. Bb4 Rh7 27. Rbc1 Bd7 28. Qd5 f4 29. Rc7 fxg3 30. f4
1-0

[Event "Mikhail Botvinnik"]
[Site "SchemingMind.com"]
[Date "2007.12.05"]
[Round "-"]
[White "riverriver"]
[Black "Goran"]
[Result "0-1"]
[WhiteCountry "USA"]
[BlackCountry "ITA"]
[WhiteElo "1931"]
[WhiteRD "65"]
[BlackElo "2440"]
[BlackRD "71"]
[GameID "131954"]

1. d4 Nf6 2. c4 e6 3. Nc3 Bb4 4. Qc2 O-O 5. e4 d5 6. e5 Ne4 7. Bd3 c5 8. cxd5 exd5 9. dxc5 Bxc3+ 10. bxc3 Nd7
11. Nf3 Ndxc5 12. O-O Re8 13. Bb5 Bd7 14. c4 Rc8 15. Rd1 Bxb5 16. cxb5 Ne6 17. Qa4 Nc3 18. Qb3 Nxd1 19. Qxd1 d4 20. Qd3 Qd5
21. Bb2 Rc4 22. b6 axb6 23. Re1 Nf4 24. Qd2 d3 25. Qe3 Ne2+ 26. Kf1 Rc2 27. Bd4 d2 28. Rd1 Nxd4 29. Nxd4 Rxe5 30. Qxe5 Qxe5
31. Nxc2 Qb5+ 32. Kg1 Qe2 33. Ne3 Qe1+
0-1

[Event "Mikhail Botvinnik"]
[Site "SchemingMind.com"]
[Date "2007.12.06"]
[Round "-"]
[White "Cruyce"]
[Black "Goran"]
[Result "0-1"]
[WhiteCountry "BEL"]
[BlackCountry "ITA"]
[WhiteElo "2000"]
[WhiteRD "71"]
[BlackElo "2521"]
[BlackRD "74"]
[GameID "131955"]

1. d4 Nf6 2. c4 e6 3. Nc3 Bb4 4. Qc2 O-O 5. a3 Bxc3+ 6. Qxc3 b6 7. f3 d5 8. Bg5 dxc4 9. Qxc4 Ba6 10. Qc3 Nbd7
11. Nh3 c5 12. e4 Bxf1 13. Rxf1 cxd4 14. Qxd4 Qc7 15. Rc1 Qxh2 16. Kf2 Qb8 17. Rfd1 h6 18. Bxf6 Nxf6 19. e5 Nd5 20. Nf4 Rd8
21. g4 b5 22. Kg3 Nb6 23. Qe4 Rxd1 24. Rxd1 Qc7 25. Rd6 Rc8 26. Nd3 Nc4 27. Ra6 Qd7 28. b4 Rd8 29. Nf2 g5 30. a4 Qd2
31. Rxa7 Qc1 32. Kg2 Ne3+
0-1

[Event "Mikhail Botvinnik"]
[Site "SchemingMind.com"]
[Date "2007.12.04"]
[Round "-"]
[White "Konan_Kaddosh"]
[Black "Goran"]
[Result "1/2-1/2"]
[WhiteCountry "ITA"]
[BlackCountry "ITA"]
[WhiteElo "2492"]
[WhiteRD "59"]
[BlackElo "2440"]
[BlackRD "71"]
[GameID "131956"]

1. e4 e5 2. Nf3 Nc6 3. Bb5 a6 4. Ba4 Nf6 5. O-O b5 6. Bb3 Be7 7. Re1 O-O 8. h3 Bb7 9. d3 d6 10. a3 Qd7
11. Nc3 Rfe8 12. Ne2 Nd8 13. Ng3 Ne6 14. Ng5 c5 15. Nxe6 fxe6 16. c3 Kh8 17. a4 Bd8 18. Be3 Bb6 19. Nh5 d5 20. Nxf6 gxf6
21. Qf3 Qf7 22. g4 Red8 23. Kh2 Qg6 24. axb5=
1/2-1/2

[Event "Mikhail Botvinnik"]
[Site "SchemingMind.com"]
[Date "2007.12.05"]
[Round "-"]
[White "Chess_Man01"]
[Black "Goran"]
[Result "0-1"]
[WhiteCountry "GBR"]
[BlackCountry "ITA"]
[WhiteElo "2263"]
[WhiteRD "56"]
[BlackElo "2503"]
[BlackRD "69"]
[GameID "131957"]

1. e4 c5 2. Nf3 Nc6 3. d4 cxd4 4. Nxd4 e5 5. Nb5 d6 6. N1c3 a6 7. Na3 b5 8. Nd5 Nf6 9. Be3 Rb8 10. Qf3 Be7
11. Bd3 O-O 12. c3 b4 13. Nc2 Nxd5 14. exd5 e4 15. Qxe4 f5 16. Qf4 Ne5 17. Be2 g5 18. Qd4= f4 19. Bc1 Bf6 20. Qd2 bxc3
21. bxc3 g4 22. Nd4 Qa5 23. h3= f3 24. gxf3 gxf3 25. Bd1 Re8 26. Kf1 Qc7 27. Rg1+ Kh8 28. Rg3 Bh4
0-1

[Event "Mikhail Botvinnik"]
[Site "SchemingMind.com"]
[Date "2007.12.05"]
[Round "-"]
[White "Aumonde"]
[Black "riverriver"]
[Result "1-0"]
[WhiteCountry "USA"]
[BlackCountry "USA"]
[WhiteElo "2201"]
[WhiteRD "62"]
[BlackElo "1990"]
[BlackRD "66"]
[GameID "131971"]

1. c4 g6 2. d4 Bg7 3. Nc3 c5 4. d5 Nf6 5. e4 d6 6. Be2 O-O 7. Nf3 e6 8. O-O Qb6 9. h3 exd5 10. cxd5 Re8
11. Qc2 Bd7 12. Bf4 Nh5 13. Bh2 Bh6 14. Rfe1 Nf4 15. Bc4 Na6 16. Kh1 Rad8 17. Qd2 Nxh3 18. Qxh6 Nxf2+ 19. Kg1 Ng4 20. Qd2 Qb4
21. e5 dxe5 22. Nxe5 Nxe5 23. Bxe5 Qxc4 24. Bf6 Rxe1+ 25. Rxe1 Re8 26. Rxe8+ Bxe8 27. Qh6
1-0

[Event "Mikhail Botvinnik"]
[Site "SchemingMind.com"]
[Date "2007.12.05"]
[Round "-"]
[White "Aumonde"]
[Black "Goran"]
[Result "0-1"]
[WhiteCountry "USA"]
[BlackCountry "ITA"]
[WhiteElo "2210"]
[WhiteRD "74"]
[BlackElo "2513"]
[BlackRD "72"]
[GameID "131972"]

1. e4 e5 2. Nf3 Nc6 3. Bc4 Bc5 4. d3 Nf6 5. Nc3 d6 6. Na4 Bb6 7. Nxb6 axb6 8. Bb3 O-O 9. O-O Re8 10. h3 h6
11. Bd2 d5 12. Re1 Be6 13. c4 dxc4 14. dxc4 Qd3 15. Qc1 Nh7 16. Qc3 Qxc3 17. Bxc3 f6 18. Red1 Red8 19. Rxd8+ Rxd8 20. Rc1 Nf8
21. Ba4 Ra8 22. Bxc6 bxc6 23. a3 Ra4 24. Nd2 Ng6 25. Ra1 Nf4 26. b3 Ra8 27. Kf1 Rd8 28. Re1 g5 29. a4= c5 30. a5 Bc8
31. Re3 Kf7 32. b4 cxb4 33. Bxb4 Nd3 34. Bc3 Be6 35. Kg1 Nc1 36. a6 Na2 37. Bb2 Nb4 38. a7 Ra8 39. Ra3 Nc6 40. Kf1 Rxa7
41. Rxa7 Nxa7 42. Ke2 Nc8 43. Kd3 Nd6 44. Ba3 c5 45. Bb2 Ke7 46. Ba1 h5 47. Bb2 Kd7 48. Ba1= Kc6 49. Bc3 h4 50. Bb2 Kb7
51. Ba1 Ka6 52. Bc3 Bf7 53. Bb2 Ka5 54. Bc3+ Ka4 55. Bb2 b5 56. cxb5 Nxb5 57. Bc3 Bb3 58. Nf1 Nd6 59. Ke3 Bc2 60. f3 Kb3
61. Bd2 c4 62. Bc1 Nb7 63. Nh2 Nc5 64. Ng4 Nd3 65. Bd2 c3 66. Bxc3 Kxc3 67. Nxf6 Nf4 68. Kf2 Kd4 69. Ne8 Bb3 70. Nf6 Kc5
71. Nh7 Ne6 72. Nf6 Kd6 73. Ng4 Nf4 74. Ne3 Be6 75. Ke1 Kc5 76. Kd2 g4 77. fxg4 Kd4 78. Nf5+ Bxf5 79. exf5 Nxg2 80. f6 Nf4
81. f7 Ng6 82. Ke2 e4 83. Kd2 e3+ 84. Ke2 Nf8 85. g5 Ke4
0-1

[Event "Mikhail Botvinnik"]
[Site "SchemingMind.com"]
[Date "2007.12.07"]
[Round "-"]
[White "Aumonde"]
[Black "Cruyce"]
[Result "1-0"]
[WhiteCountry "USA"]
[BlackCountry "BEL"]
[WhiteElo "2219"]
[WhiteRD "65"]
[BlackElo "2211"]
[BlackRD "74"]
[GameID "131973"]

1. d4 f5 2. Bg5 h6 3. Bd2 Nf6 4. c4 e6 5. Nc3 b6 6. e3 Bb7 7. Nf3 Be7 8. Bd3 O-O 9. O-O Qe8 10. Re1 Ne4
11. d5 Nxd2 12. Qxd2 Na6 13. e4 f4 14. Bc2 Rd8 15. e5 Qf7 16. Rad1 g5 17. Be4 Nc5 18. h3 Qg7 19. Bc2 h5 20. b4 Na6
21. a3 g4 22. hxg4 hxg4 23. Nh2 Bh4 24. Ne4 Rde8 25. Qd3 Rf7 26. g3 fxg3 27. fxg3 Bd8 28. dxe6 Rxe6 29. c5 Nb8 30. Bb3
1-0

[Event "Mikhail Botvinnik"]
[Site "SchemingMind.com"]
[Date "2007.12.05"]
[Round "-"]
[White "Aumonde"]
[Black "Konan_Kaddosh"]
[Result "0-1"]
[WhiteCountry "USA"]
[BlackCountry "ITA"]
[WhiteElo "2207"]
[WhiteRD "65"]
[BlackElo "2492"]
[BlackRD "59"]
[GameID "131974"]

1. e4 c5 2. c3 Nf6 3. e5 Nd5 4. g3 d6 5. d4 cxd4 6. Qxd4 dxe5 7. Bb5+ Nc6 8. Qxe5 Bg4 9. Qe4 Qd7 10. Nf3 Nf6
11. Qe2 a6 12. Ba4 Rd8 13. h3 Bf5 14. Nd4 b5 15. Nxf5 bxa4 16. Nd4 e6 17. O-O Bc5 18. Nxc6 Qxc6 19. Re1 Rd5 20. Bf4 Nh5
21. Be5 Qb6 22. Kg2 O-O 23. Na3 g6 24. Nc4 Qc6 25. f3 f6 26. Bf4 Nxf4+ 27. gxf4 Re8 28. Rad1 Rf5 29. Qd3 Rxf4 30. Re4 Rxe4
31. Qxe4 Qb5 32. Rd2 Kg7 33. f4 Re7 34. Kg3 Ba7 35. h4 Bb8 36. Rd8 Kh6 37. Rd2 f5 38. Qe2 e5 39. fxe5 Bxe5+ 40. Nxe5 Rxe5
41. Qf3 Re4 42. Kg2 Rxh4 43. Qe3+ f4
0-1

[Event "Mikhail Botvinnik"]
[Site "SchemingMind.com"]
[Date "2007.12.05"]
[Round "-"]
[White "Aumonde"]
[Black "Chess_Man01"]
[Result "1-0"]
[WhiteCountry "USA"]
[BlackCountry "GBR"]
[WhiteElo "2207"]
[WhiteRD "65"]
[BlackElo "2289"]
[BlackRD "59"]
[GameID "131975"]

1. Nf3 Nf6 2. d4 e6 3. c4 d5 4. Nc3 c6 5. e3 Bd6 6. Bd3 O-O 7. c5 Bc7 8. O-O Nbd7 9. e4 dxe4 10. Nxe4 Nxe4
11. Bxe4 Nf6 12. Bg5 h6 13. Bxf6 Qxf6 14. Re1 Rd8 15. Qc2 Bd7 16. Rad1 Be8 17. Rd3 g6 18. Qc3 e5 19. Nxe5 Qg7 20. Rde3 Bd7
21. Qb3 Rab8 22. Nxg6
1-0

[Event "Mikhail Botvinnik"]
[Site "SchemingMind.com"]
[Date "2007.12.05"]
[Round "-"]
[White "riverriver"]
[Black "Aumonde"]
[Result "0-1"]
[WhiteCountry "USA"]
[BlackCountry "USA"]
[WhiteElo "1931"]
[WhiteRD "65"]
[BlackElo "2207"]
[BlackRD "65"]
[GameID "131976"]

1. d4 d5 2. c4 e6 3. Nc3 c6 4. e3 Nf6 5. Nf3 Be7 6. Bd3 O-O 7. O-O dxc4 8. Bxc4 b5 9. Bd3 b4 10. Ne2 Nbd7
11. e4 Bb7 12. e5 Nd5 13. Qc2 h6 14. Bd2 c5 15. Rad1 Rc8 16. Rfe1 cxd4 17. Qb1 Qb6 18. Nexd4 Rfd8 19. Re2 Nc5 20. Bc2 a5
21. Ree1 a4 22. Rc1 b3 23. axb3 axb3 24. Be4 Nxe4 25. Rxc8 Nxd2 26. Rxd8+ Bxd8 27. Nxd2 Qxd4 28. Nxb3 Qb4 29. Qd1 Bb6 30. g3 Nf4
31. gxf4 Qxf4 32. Re3 Bxe3 33. fxe3 Qxe3+ 34. Kf1 Ba6+ 35. Kg2 Be2 36. Qd8+ Kh7 37. Nd4 Bg4 38. Qh4 Qe4+ 39. Kg3 h5 40. Qg5 Qxd4
41. h3 Qd3+
0-1

[Event "Mikhail Botvinnik"]
[Site "SchemingMind.com"]
[Date "2007.12.05"]
[Round "-"]
[White "Goran"]
[Black "Aumonde"]
[Result "1-0"]
[WhiteCountry "ITA"]
[BlackCountry "USA"]
[WhiteElo "2472"]
[WhiteRD "71"]
[BlackElo "2219"]
[BlackRD "65"]
[GameID "131977"]

1. c4 Nf6 2. Nf3 g6 3. d4 Bg7 4. Nc3 c5 5. e4 cxd4 6. Nxd4 Nc6 7. Be3 Ng4 8. Qxg4 Nxd4 9. Qd1 Nc6 10. Be2 Qa5
11. Rc1 d6 12. O-O O-O 13. Qd2 Be6 14. f4 f5 15. exf5 Rxf5 16. b3 Rff8 17. Bf3 Bf5 18. Rfd1 Rac8 19. g4 Bd7 20. Kg2 Kh8
21. Nb5 Qxd2+ 22. Rxd2 a6 23. Nc3 Rce8 24. h3 e5 25. Rxd6 exf4 26. Bc5 Rf7 27. Ne4 Bf8 28. Rf1 Kg7 29. Rdd1 Bxc5= 30. Nxc5 Bc8
31. Ne4 Ref8 32. Nd6 Re7 33. Bxc6 bxc6 34. Rfe1 Rd7 35. Nxc8 Rxd1 36. Rxd1 Rxc8 37. Rd7+ Kg8 38. h4 h6 39. g5 hxg5 40. hxg5 a5
41. Ra7 Re8 42. Rxa5 Re3 43. Rc5 Rg3+ 44. Kf2 Kf7 45. Rxc6 Rxg5 46. Kf3 Rg1 47. Kxf4 Rf1+ 48. Ke3 g5= 49. Rd6 Rh1 50. c5
1-0

[Event "Mikhail Botvinnik"]
[Site "SchemingMind.com"]
[Date "2007.12.07"]
[Round "-"]
[White "Cruyce"]
[Black "Aumonde"]
[Result "1/2-1/2"]
[WhiteCountry "BEL"]
[BlackCountry "USA"]
[WhiteElo "2237"]
[WhiteRD "75"]
[BlackElo "2181"]
[BlackRD "63"]
[GameID "131978"]

1. d4 d5 2. c4 e6 3. Nc3 Nf6 4. cxd5 exd5 5. Bg5 Be7 6. e3 c6 7. Qc2 h6 8. Bh4 O-O 9. Bd3 Re8 10. Nge2 a5
11. O-O Bd6 12. Bg3 Bf8 13. h3 b6 14. Rac1 Ba6 15. a3 Bxd3 16. Qxd3 Nbd7 17. Bh2=
1/2-1/2

[Event "Mikhail Botvinnik"]
[Site "SchemingMind.com"]
[Date "2007.12.05"]
[Round "-"]
[White "Konan_Kaddosh"]
[Black "Aumonde"]
[Result "1-0"]
[WhiteCountry "ITA"]
[BlackCountry "USA"]
[WhiteElo "2480"]
[WhiteRD "58"]
[BlackElo "2201"]
[BlackRD "62"]
[GameID "131979"]

1. e4 e5 2. Nf3 Nf6 3. d4 d5 4. exd5 exd4 5. Bb5+ c6 6. dxc6 Qa5+ 7. Nc3 bxc6 8. Nxd4 cxb5 9. Qe2+ Be6 10. Nxe6 fxe6
11. Qf3 Nd5 12. O-O b4 13. Qh5+ g6 14. Qe5 bxc3 15. Qxh8 Qc7 16. Bh6 Nd7 17. Qxh7 O-O-O 18. bxc3 Bxh6 19. Qxh6 Nxc3 20. Rfe1 Nf8
21. Re3 a5 22. h3 a4 23. a3 Qc4 24. Rae1 Qc5 25. Qg7 Nd5 26. Rf3 Qc7 27. Qb2 Qb6 28. Qe5 Nc7 29. Qe4 Qb5 30. Rc3 Qa5
31. Qc6 Rd7 32. Rb1 Qa7 33. Rc5 Rd2 34. Rb4 Nd7 35. Rxa4 Rd1+ 36. Kh2 Qb8 37. Ra8
1-0

[Event "Mikhail Botvinnik"]
[Site "SchemingMind.com"]
[Date "2007.12.05"]
[Round "-"]
[White "Chess_Man01"]
[Black "Aumonde"]
[Result "0-1"]
[WhiteCountry "GBR"]
[BlackCountry "USA"]
[WhiteElo "2263"]
[WhiteRD "56"]
[BlackElo "2226"]
[BlackRD "71"]
[GameID "131980"]

1. e4 d6 2. d4 Nf6 3. Nc3 g6 4. f4 Bg7 5. Nf3 O-O 6. Bd3 Nc6 7. O-O Bg4 8. Be3 e5 9. fxe5 dxe5 10. d5 Nd4
11. Be2 Nxe2+ 12. Qxe2 Qd6 13. Qc4 b6 14. Nb5 Qe7 15. Rad1 Rfc8 16. Qd3 a6 17. d6 cxd6 18. Nxd6 Rc6 19. c4 Bxf3 20. gxf3 Qe6
21. c5 Bf8 22. b3 b5 23. f4 exf4 24. Rxf4 Rd8 25. Qf1 Ng4 26. Qf3 Nxe3 27. Qxe3 Bh6 28. Rd5 Rdxd6 29. Rxd6 Rxd6 30. cxd6 Qxd6
31. e5 Qd1+
0-1